Catálogo
 En Linea

Señales de peligro en el caribe:. (Registro nro. 31384)

Detalles MARC
000 -CABECERA
campo de control de longitud fija 00572nam a2200181 a 4500
001 - NÚMERO DE CONTROL
campo de control 000031893
005 - FECHA Y HORA DE LA ÚLTIMA TRANSACCIÓN
campo de control 20200930063249.0
008 - DATOS DE LONGITUD FIJA--INFORMACIÓN GENERAL
campo de control de longitud fija 110707s1957 dr 000 0 spa d
040 ## - FUENTE DE LA CATALOGACIÓN
Centro catalogador/agencia de origen DO-SdBNP
Lengua de catalogación spa
Centro/agencia transcriptor BNPHU
082 ## - NÚMERO DE LA CLASIFICACIÓN DECIMAL DEWEY
Número de clasificación xxx
Número de documento/Ítem L866s
049 ## - FONDOS LOCALES (OCLC)
Fondos de biblioteca BNPD
100 1# - ENTRADA PRINCIPAL--NOMBRE DE PERSONA
Nombre de persona Lord Varney, Harold
9 (RLIN) 58089
245 10 - MENCIÓN DE TÍTULO
Título Señales de peligro en el caribe:.
260 ## - PUBLICACIÓN, DISTRIBUCIÓN, ETC.
Lugar de publicación, distribución, etc. [s.n],
Fecha de publicación, distribución, etc. 1957.
300 ## - DESCRIPCIÓN FÍSICA
Extensión 27 p. ;
Dimensiones 142.
500 ## - NOTA GENERAL
Nota general "reproducido de la revista American Mercury , edición octubre de 1956 y junio de k57.
563 ## - NOTA DE ENCUADERNACIÓN
Nota de encuadernación Dos obras publicadas juntas con paginación contínua.
Existencias
Estado de retiro Estado de pérdida No para préstamo Código de colección Localización permanente Ubicación/localización actual Ubicación en estantería Fecha de adquisición Número de inventario Total de préstamos Signatura topográfica completa Código de barras Fecha visto por última vez Precio válido a partir de Tipo de ítem Koha
      Patrimonio Dominicano Patrimonio Dominicano Patrimonio Dominicano Orden iniciada 07.07.2011 LF1   xxx L866s 31893-10 25.06.2020 25.06.2020 Libro y Folleto Colección Patrimonio Dominicano

Con tecnología Koha